000 00420nam a2200181Ia 4500
003 0100
008 130303s9999 xx 000 0 und d
040 _cARRUPELIB
050 _aB171.09 1959
100 _aOwens, Joseph
245 2 _aA history of ancient western philosophy
260 _aNew York
260 _bAppleton-Century-Crofts
260 _C1959
300 _axv
300 _b 434p. 21cm.
942 0 0 _04
999 _c47795
_d47795